BSOP header

How to study the Bible (simplified script version) {ch} / (Record no. 29400)

MARC details
000 -LEADER
fixed length control field 00772nam a2200205 4500
008 - FIXED-LENGTH DATA ELEMENTS--GENERAL INFORMATION
fixed length control field 070605s2004 onu 001 0 chi d
020 ## - INTERNATIONAL STANDARD BOOK NUMBER
International Standard Book Number 1553360826 :gift: Rev. Dorothy Wong
090 ## - LOCALLY ASSIGNED LC-TYPE CALL NUMBER (OCLC); LOCAL CALL NUMBER (OCLC)
Classification number (OCLC) (R) ; Classification number, CALL (RLIN) (NR) BS600.2
Local cutter number (OCLC) ; Book number/undivided call number, CALL (RLIN) C36h
100 1# - MAIN ENTRY--PERSONAL NAME
Personal name Chen, Stephen C.T.
245 10 - TITLE STATEMENT
Title How to study the Bible (simplified script version) {ch} /
Statement of responsibility, etc Stephen C. T. Chan.
260 ## - PUBLICATION, DISTRIBUTION, ETC. (IMPRINT)
Place of publication, distribution, etc Scarborough, ON :
Name of publisher, distributor, etc Christian Communication Inc. of Canada,
Date of publication, distribution, etc 2004.
300 ## - PHYSICAL DESCRIPTION
Extent 270 p.
500 ## - GENERAL NOTE
General note Includes indexes.
630 04 - SUBJECT ADDED ENTRY--UNIFORM TITLE
Uniform title Bible
General subdivision Criticism, interpretation, etc. {ch}.
630 04 - SUBJECT ADDED ENTRY--UNIFORM TITLE
Uniform title Bible
General subdivision Study and teaching {ch}.
951 ## - EQUIVALENCE OR CROSS-REFERENCE-GEOGRAPHIC NAME/AREA NAME [OBSOLETE] [CAN/MARC only]
General subdivision 00034932
700 1# - ADDED ENTRY--PERSONAL NAME
Personal name Chen, Zhongdao.
740 02 - ADDED ENTRY--UNCONTROLLED RELATED/ANALYTICAL TITLE
Uncontrolled related/analytical title Zen yang yan du sheng jing {ch}/ Chen Zhongdao zhu.
951 ## - EQUIVALENCE OR CROSS-REFERENCE-GEOGRAPHIC NAME/AREA NAME [OBSOLETE] [CAN/MARC only]
-- C-8491
-- BS600.2/C36h
-- 070613111641515
-- 2000-12-21
-- CH
Holdings
Withdrawn status Lost status Damaged status Not for loan Home library Current library Shelving location Date acquired Accession number Shelving control number Total Checkouts Full call number Barcode Date last seen Price effective from Koha item type
        BSOP Library BSOP Library Chinese Books (General Circulation) 12/21/2000 C-8491 127   BS600.2/C36h 00034932 02/23/2013 02/23/2013 Books
BSOP

Biblical Seminary of the Philippines
  All rights Reserved
  © 2024

CONTACT INFORMATION

Biblical Seminary of the Philippines,
  77-B Karuhatan Road, Valenzuela City,
  PHILIPPINES 1441
  Phone: +632 8292-6795 / 8292-6798
  Fax : +632 8292-6675
  Email: library@bsop.edu.ph